000 nam a22 7a 4500
999 _c8795
_d8795
008 180119b ||||| |||| 00| 0 eng d
100 _aNCERT
_95127
245 _aPOLITICS IN INDIA SINCE XII
260 _aNCERT
_bNew Delhi
_c2007